000 00574nam a2200193Ia 4500
005 20260114185844.0
008 008 260114s9999 xx 000 0 eng d
020 _a9780755620753
037 _aEBOOK
040 _aCRL
_beng
_cCRL
041 _aeng
_2eng
084 _qCRL
100 _aRebecca Bryant
_9875244
245 0 _aImagining the Modern The Cultures of Nationalism in Cyprus
260 _bBloomsbury
_c2004
856 _uhttps://doi.org/10.5040/9780755620753?locatt=label:secondary_bloomsburyCollections
942 _cEBOOK
999 _c1474178
_d1474178